000 00569nam a2200229Ia 4500
003 OSt
005 20221005132907.0
006 a|||||r|||| 00| 0
007 ta
008 221004b |||||||| |||| 00| 0 eng d
024 _a38600
037 _cTextual
040 _aCRL
_cCRL
_beng
041 _2eng
_aeng
082 _aO:2N11:2, J8
100 _aRattigan Terence
_916670
245 0 _aVariation on a theme
260 _c1958
650 _aENGLISH LITERATURE
942 _hO:2N11:2, J8
_cTEXL
_2cc
999 _c1065136
_d1065136